000 00351nam a2200145 i 4500
001 bg
100 1 _aWIŚNIEWSKI, Zbigniew
245 0 _aZbiór zadań z sieci elektrycznych /
_cZbigniew Wiśniewski.
250 _aWyd.5.
260 _aWarszawa,
_c1970.
040 _cBPK
041 _apol
942 _cKS
008 s pl f |000 0 pol
999 _c7165
_d7165
856 _uhttp://koha.tu.koszalin.pl/cgi-bin/koha/opac-detail.pl?biblionumber=7165
_yKatalog online BPK